Statistics for European Countries by 10 Category Elimination

Click here to take the quiz!

General Stats

  • This quiz has been taken 7,640 times
  • The average score is 9 of 10

Answer Stats

#CategoryCountry% Correct
43has at least one border
100%
41has land east of London
100%
32contains an A in its name
100%
27is not a micronation
100%
21is alphabetically before Samoa
99%
14is in the European Union
99%
10ends in a vowel (y included)
98%
6uses the Euro officially
97%
3is not part of the G7 organization
74%
1is six letters longLatvia
51%

Score Distribution

Percentile by Number Answered

Percent of People with Each Score

Your Score History

You have not taken this quiz